| 000 | 01221nam a22003497a 4500 | ||
|---|---|---|---|
| 003 | CHAP | ||
| 005 | 20220329141814.0 | ||
| 008 | 971013s1981 r 00010 d | ||
| 010 | _a74132 | ||
| 011 | _a75104 | ||
| 035 | _a84664 | ||
| 040 | _cCHAP | ||
| 090 | _aTesis | ||
| 100 | 0 | 0 |
_aGarza Quintanilla, Héctor. _947123 |
| 245 | _aProducción de carne bajo diferentes cargas animal y fertilización en zacate Bermuda cruz uno | ||
| 260 |
_aMarín, N.L. : _bEl autor, _c1981 |
||
| 300 |
_a63 h. _b: anexo ; gráfs. |
||
| 502 | _aTesis (Ing. Agrónomo) -- Univ. Autónoma de Nuevo León. Fac. de Agronomía | ||
| 590 |
_aALEPH _b10 _c20130110 _lUCH01 _h1418 |
||
| 590 |
_aBATCH-UPD _b10 _c20130110 _lUCH01 _h0255 |
||
| 590 |
_aBATCH-UPD _b10 _c20130110 _lUCH01 _h1349 |
||
| 590 |
_aBATCH-UPD _b10 _c20130409 _lUCH01 _h2326 |
||
| 590 |
_aBATCH-UPD _b10 _c20130914 _lUCH01 _h0957 |
||
| 590 |
_aCONVERSION _b10 _c20130109 _lUCH01 _h1340 |
||
| 650 | 1 | 4 |
_aCoeficiente de agostadero. _924319 |
| 650 | 1 | 4 |
_aCynodon dactylon. _930800 |
| 650 | 1 | 4 |
_aFertilizantes _xEfecto en pastos forrajeros. _940537 |
| 650 | 1 | 4 |
_aGanado de carne _xProducción. _945104 |
| 901 | _aBK | ||
| 942 | _cTESIS | ||
| 949 |
_bBC _cTES _d-40102 _eTS1 _i84664 _si |
||
| 999 |
_c74132 _d74132 |
||